Państwa w Europie z jednym sąsiadem - Statystyki

Ogólne statystyki
  • Ten quiz został rozwiązany 897 razy
  • Średni wynik to 6 z 7
Statystyki odpowiedzi
Państwo % Poprawnych
Portugalia
92%
Watykan
89%
Irlandia
88%
San Marino
87%
Wielka Brytania
79%
Dania
77%
Monako
76%
Nie znaleziono quizów pasujących do podanych kryteriów
Rozkład punktacji
Procent ludzi z każdym wynikiem
Percentyl według liczby udzielonych odpowiedzi
Twoja historia wyników
Nie rozwiązałeś tego quizu